000 00615nam a2200265Ia 4500
005 20260306164017.0
008 008 260114s9999 xx 000 0 eng d
020 _a9780226176246
037 _aEBOOK
040 _aCRL
040 _beng
040 _cCRL
041 _2eng
041 _aeng
084 _qCRL
100 _aGifford, Kudrle
_91129815
245 4 _aThe Atlantic Divide In Antitrust
260 _bUniversity of Chicago Press
260 _c2015
650 _aLaw
856 _uhttps://academic.oup.com/book/35639
942 _cEBOOK
999 _c1712387
_d1712387